Development of competitiveness and its determinants in Slovak dairy farms

V článku je analyzovaná konkurencieschopnosť a jej determinanty na slovenských farmách s mliečnym dobytkom v rokoch 2007-2011.

Saved in:
Bibliographic Details
Main Author: Michaličková, Monika
Format: Book Chapter
Language:English
Subjects:
Tags: Add Tag
No Tags, Be the first to tag this record!

MARC

LEADER 00000naa a2200000 4500
001 0185482
005 20240717104132.6
041 0 |a eng 
044 |a CZ 
245 1 0 |a Development of competitiveness and its determinants in Slovak dairy farms  |c Monika Michaličková ... [et al.] 
520 |a V článku je analyzovaná konkurencieschopnosť a jej determinanty na slovenských farmách s mliečnym dobytkom v rokoch 2007-2011. 
610 2 0 |a mlieko 
610 2 0 |a výroba 
610 2 0 |a farmy 
610 2 0 |a ceny 
610 2 0 |a zisk 
610 2 0 |a strata 
610 2 0 |a Slovensko 
100 1 |a Michaličková, Monika